000 01520cam a22004217a 4500
001 12688761
003 OSt
005 20251215130809.0
008 020228s2001 nyua bf 000 0 eng d
010 _a 2002278083
020 _a0439111080
020 _a9780439111089
035 _a12688761
035 _a(DLC) 2002278083
035 _a(DLC)4763
035 _a(OCoLC)47709731
040 _aMOI
_cMOI
_dDLC
042 _alccopycat
050 0 0 _aLB1513
_b.S34 2001
100 1 _aSchifferDanoff, Valerie
245 1 0 _aBeyond morning message :
_bdozens of dazzling ideas for interactive letters to the class that enhance shared reading, writing, math, and more! /
_cby Valerie SchifferDanoff.
260 _aNew York :
_bScholastic Professional Books,
_cc2001.
300 _a96 p. :
_bill. ;
_c28 cm.
336 _atext
_btxt
_2rdacontent
337 _aunmediated
_bn
_2rdamedia
338 _avolume
_bnc
_2rdacarrier
490 1 _aScholastic teaching strategies
504 _aIncludes bibliographical references (p. 96).
521 _aFor use with grades K-2.
650 0 _aEducation, Primary
_vHandbooks, manuals, etc.
650 0 _aLetter writing
_vHandbooks, manuals, etc.
650 0 _aInterdisciplinary approach in education
_vHandbooks, manuals, etc.
830 0 _aTeaching strategies.
906 _a7
_bcbc
_ccopycat
_d2
_encip
_f20
_gy-gencatlg
942 _2lcc
_cBK
999 _c265564
_d265563